000 00439nam a2200157Ia 4500
008 151021s9999 xx 000 0 und d
020 _a9.7804153741e+012
050 _aHM 101.C8928 2007
245 _a_The cultural studies reader [3rd ed.]
260 _aLondon Routledge 2007
300 _axii,564p.
500 _aIncludes index
500 _aIncludes index
650 _a_culture-studies
980 _a^d20130528 06:29:02^oanne
999 _c13847
_d13847